Ski Jumping World Cup host cities - Statistics

General Stats
  • This quiz has been taken 649 times
    334 since last reset
  • The average score is 28 of 59
Answer Stats
Country Last World Cup Season City % Correct
Norway 2023/2024 Oslo
94%
Austria 2023/2024 Innsbruck
92%
Japan 2023/2024 Sapporo
89%
Poland 2023/2024 Zakopane
89%
Germany 2023/2024 Garmisch-Partenkirchen
88%
Slovenia 2023/2024 Planica
87%
Finland 2023/2024 Lahti
85%
Norway 2023/2024 Lillehammer
85%
Germany 2023/2024 Oberstdorf
85%
Poland 2023/2024 Wisła
84%
Norway 2023/2024 Trondheim
83%
Switzerland 2023/2024 Engelberg
81%
Austria 2023/2024 Bischofschofen
80%
Norway 2023/2024 Vikersund
79%
United States 2023/2024 Lake Placid
77%
Germany 2023/2024 Willingen
75%
Sweden 2013/2014 Falun
68%
Finland 2023/2024 Kuusamo
68%
Czechia 2012/2013 Harrachov
66%
Italy 2019/2020 Predazzo
66%
Germany 2023/2024 Klingenthal
64%
Romania 2022/2023 Rasnov
63%
Finland 2015/2016 Kuopio
60%
Russia 2021/2022 Nizhny Tagil
60%
Austria 2022/2023 Tauplitz
59%
Russia 2012/2013 Sochi
58%
South Korea 2016/2017 Pyeongchang
57%
Kazakhstan 2015/2016 Almaty
56%
Germany 2022/2023 Titisee-Neustadt
50%
Czechia 2007/2008 Liberec
48%
France 1993/1994 Courchevel
45%
Canada 2008/2009 Whistler
45%
Japan 2003/2004 Hakuba
43%
United States 1999/2000 Iron Mountain
43%
Bosnia and Herzegovina 1983/1984 Sarajevo
43%
Austria 2007/2008 Villach
39%
Italy 2008/2009 Pragelato
36%
France 1998/1999 Chamonix
32%
Germany 1998/1999 Oberhof
32%
United States 1980/1981 Ironwood
28%
United States 2003/2004 Park City
28%
Italy 1984/1985 Cortina d’Ampezzo
25%
Austria 1997/1998 Ramsau
22%
Canada 1993/1994 Thunder Bay
21%
Slovakia 1990/1991 Štrbské Pleso
17%
Sweden 1993/1994 Örnsköldsvik
11%
Switzerland 1991/1992 Sankt Moritz
9%
Switzerland 1989/1990 Gstaad
7%
Austria 1993/1994 Murau
6%
Germany 1992/1993 Ruhpolding
6%
Germany 1986/1987 Oberwiesenthal
5%
Norway 1982/1983 Bærum
4%
Sweden 1990/1991 Bollnäs
3%
Sweden 1989/1990 Sollefteå
3%
Italy 1987/1988 Gallio
2%
Norway 1987/1988 Meldal
1%
France 1980/1981 Saint-Nizier
1%
Norway 1986/1987 Rælingen
0%
Norway 1989/1990 Raufoss
0%
No matching quizzes found
Score Distribution
Percent of People with Each Score
Percentile by Number Answered
Your Score History
You have not taken this quiz since the last reset